000 00287nam a2200133 i 4500
001 bg
100 1 _aHenn, Walter.
245 0 _aDas Flache Dach /
_cW. Henn.
260 _aMünchen,
_c1962.
040 _cBPK
041 _apol
942 _cKS
008 s pl f |000 0 pol
999 _c8729
_d8729
856 _uhttp://koha.tu.koszalin.pl/cgi-bin/koha/opac-detail.pl?biblionumber=8729
_yKatalog online BPK